The plant kingdom /

Guardado en:
Autor Principal: Bold, Harold Charles, 1909-
Formato: Libro
Idioma:English
Publicado: Englewood Cliffs, N.J. : Prentice-Hall, [1964]
Edición:2nd ed.
Series:Prentice-Hall foundations of modern biology series
Materias:
Etiquetas: Agregar Etiqueta
Sin Etiquetas, Sea el primero en etiquetar este registro!
LEADER 00668nam a22002051a 4500
001 EEA.libagro009686
008 720420s1964####njua#####b####000#0#eng##
005 20210923192639.0
245 1 4 |a The plant kingdom /  |c Harold Bold. 
250 |a 2nd ed. 
260 |a Englewood Cliffs, N.J. :  |b Prentice-Hall,  |c [1964] 
300 |a x, 118 p. :  |b il., diagrs. ;  |c 24 cm. 
490 0 |a Prentice-Hall foundations of modern biology series 
504 |a Bibliografía: p. 111. 
100 1 |a Bold, Harold Charles,  |d 1909- 
082 0 0 |a 581 
650 7 |a Botánica  |2 agrovoc 
650 7 |a Ciencia vegetal  |2 agrovoc 
010 |a 64012155 
859 |a AR-BbBCA  |b BIB. AGRONOMIA  |h 581  |i B687-1a2  |p 1995/2145